1246 1231 1864 1190 1550 1049 1665 1782 1625 1278 1327 1344 1203 1594 1583 1819 1895 1512 1187 1163 1863 1842 1774 1281 1785 1807 1800 1825 1952 1034 1026 1364 1904 1680 1579 1828 1057 1970 1293 1229 1811 1190 1187 1615 1433 1673 1502 1381 1913 1495 1905 1933 1993 1793 1152 1364 1058 1574 1570 1384 1837 1463 1093 1744 1906 1496 1563 1773 1331 1841 1587 1446 1759 1892 1208 1331 1332 1385 1639 1430 1368 1355 1355 1486 1693 1169 1532 1926 1636 1620 1092 1891 1746 1850 1404 1929 1206 1704 1412 BCNSPRNW ULIB Ver.6.0+V

เปลี่ยนเป็นภาษาไทย

Change to English
 แสดงรายละเอียดบรรณานุกรม
  กลับหน้าหลัก

Brief Record : Get Marc (ISO 2709) : E-mail record : QR code < ปิดหน้าต่าง
LEADER : 00000nam 2200000uu 4500
001    13399129028
003     ULIB
008    020711s2024 th a 000 0 eng d
020    ^a9781684206018
060    ^aWY100^bH541N
100    ^aHerdman, T. Heather(Edited by), Kamitsuru, Shigemi(Edited by), Lopes, Camila(Edited by)
245    ^aNANDA-I International Nursing Diagnoses : Definitions & Classification, 2024-2026
250    ^a13rd ed
260    ^aNew York, NY :^bThieme Medical Publishers,^c2024
300    ^a684 pages
650    ^aNursing diagnosis^xClassification
650    ^aNursing diagnosis
945    ^p4632^l0^i011528
999    ^aประนอม เกษจรัล
รายการนี้ยังไม่มีแท็ก
คุณยังไม่ได้ล็อกอิน คุณสามารถมีกิจกรรมร่วมกับเว็บไซต์ได้ แต่ต้องล็อกอินก่อน ::
  ล็อกอิน

รายการสื่อสารสนเทศ

ลำดับที่ ประเภท เลขเรียก/บาร์โค้ด สถานที่ สถานะ
1. Book การพยาบาล
หนังสือสำรอง
สถานะ=หนังสือสำรอง
WY100 H541N ฉ.1 
  Barcode: 011528
ห้องสมุดวิทยาเขตสวรรค์ประชารักษ์
►หนังสือทั่วไป
บนชั้น

รายการใกล้เคียง
    หัวเรื่อง [Nursing diagnosis]

BibComment


ยังไม่เคยถูกคอมเมนท์

คอมเมนท์ทรัพยากรรายการนี้
  คอมเมนท์: NANDAI Internati..


 Copyright 2026. Bcnsprnw @Library